Movies Quiz

Random Movies or Clickable Quiz

Who's Cruise? Quiz Stats

 Plays Quiz Updated Jun 16, 2013

Challenge
Share
Tweet
Score 0/24 Timer 07:00
0 Plays Today
% Correct
Jerry Maguire
96.9%
Top Gun
92.4%
Jack Reacher
91.7%
Mission: Impossible
85%
Valkyrie
83.4%
A Few Good Men
80.5%
Interview with the Vampire
76.3%
Rain Man
69.4%
Rock of Ages
64.5%
Tropic Thunder
56.3%
Days of Thunder
51.9%
Taps
51.6%
% Correct
Minority Report
51.4%
Cocktail
50.9%
Eyes Wide Shut
46.1%
Born on the Fourth of July
45.7%
The Firm
44.2%
Risky Business
44.2%
Collateral
42.9%
Far and Away
41.3%
Lions for Lambs
40.8%
War of the Worlds
33.9%
The Color of Money
27.9%
Magnolia
22.3%

You're not logged in!

Compare scores with friends on all Sporcle quizzes.
Join for Free
OR
Log In

You Might Also Like...

Show Comments

Extras

Top Quizzes Today


Score Distribution

Your Account Isn't Verified!

In order to create a playlist on Sporcle, you need to verify the email address you used during registration. Go to your Sporcle Settings to finish the process.

Report this User

Report this user for behavior that violates our Community Guidelines.

Details: